Platobné karty - prostriedok bezhotovostného platobného styku
Národný štandard finančnej gramotnosti. Zapracovanie a aplikácia tém finančnej gramotnosti do školských vzdelávacích programov základných škôl a stredných škôl. Dotazníkový prieskum medzi študentami Podnikovohospodárskej fakulty EU so sídlom v Košiciach zameraný na získanie základných informácií o...
Uložené v:
| Hlavný autor: | |
|---|---|
| Médium: | Kapitola |
| Jazyk: | Slovak |
| Predmet: | |
| Tagy: |
Žiadne tagy, Buďte prvý, kto otaguje tento záznam!
|
MARC
| LEADER | 00000naa$a2200000$$$4500 | ||
|---|---|---|---|
| 001 | 0248727 | ||
| 005 | 20240502073958.4 | ||
| 041 | 0 | |a slo | |
| 044 | |a SK | ||
| 245 | 1 | 0 | |a Platobné karty - prostriedok bezhotovostného platobného styku |c Monika Bačová |
| 520 | |a Národný štandard finančnej gramotnosti. Zapracovanie a aplikácia tém finančnej gramotnosti do školských vzdelávacích programov základných škôl a stredných škôl. Dotazníkový prieskum medzi študentami Podnikovohospodárskej fakulty EU so sídlom v Košiciach zameraný na získanie základných informácií o finančnej gramotnosti študentov prvého ročníka vysokej školy. Otázky zamerané aj na platobné karty. Výsledky prieskumu. | ||
| 610 | 2 | 0 | |a gramotnosť finančná |
| 610 | 2 | 0 | |a karty platobné |
| 610 | 2 | 0 | |a platby bezhotovostné |
| 610 | 2 | 0 | |a prieskum |
| 610 | 2 | 0 | |a študenti |
| 610 | 2 | 0 | |a školy vysoké |
| 610 | 2 | 0 | |a univerzity |
| 610 | 2 | 0 | |a ekonómia |
| 100 | 1 | |a Bačová, Monika | |